00495nam a2200181Ia 450000500170000000800410001702000180005808200210007610000230009724500530012025000120017326000320018530000210021765000210023865000210025965000170028070000160029720260122095511.0260121s9999||||xx |||||||||||||| ||und|| a9781529720969 a302.2310721bQUA aQuan-Haase, Anabel 0aSage handbook of social media research methods / a2nd ed. aLos Angeles :bSage,c2022. axxix, 738 p.; hb aAnalytical tools aResearch methods aSocial media aSloan, Luke